|
|
|
|
| LEADER |
00000nam a2200000 a 4500 |
| 001 |
UCO9975 |
| 003 |
CL-VaPUC |
| 008 |
010316e19960000UK |||||||||||||||||eng|d |
| 082 |
0 |
4 |
|a 415
|b THO
|2 21
|
| 100 |
0 |
|
|a Thompson, Geoff
|e author
|9 455222
|
| 245 |
1 |
0 |
|a Introducing functional grammar
|
| 300 |
|
|
|a 262 p
|
| 942 |
|
|
|c BK
|
| 945 |
|
|
|d 20010316 00:00:00
|a vberengu
|
| 260 |
|
|
|a Londres
|b Arnold
|c 1996
|
| 650 |
|
0 |
|a Lingüística
|9 265068
|
| 650 |
|
7 |
|a FUNCIONALISMO
|2 CL-VaPUC
|9 455223
|
| 650 |
|
0 |
|a Análisis lingüístico
|9 314711
|
| 650 |
|
0 |
|a Gramática
|9 270497
|
| 583 |
|
|
|a last modification
|c 20010316 00:00:00
|k Rodrigo Vera
|
| 999 |
|
|
|c 293987
|d 293985
|
| 952 |
|
|
|0 0
|1 0
|4 0
|6 415_000000000000000_THO_1996
|7 0
|8 A
|9 345809
|a FDOPOS
|b FDOPOS
|d 2019-11-20
|i 3700402
|o 415 THO 1996
|p 3700402
|r 2025-01-22
|w 2019-11-20
|y BK
|k MLA
|
| 952 |
|
|
|0 0
|1 0
|4 0
|6 415_000000000000000_THO_1996
|7 0
|8 A
|9 345810
|a FDOPOS
|b FDOPOS
|d 2019-11-20
|i 3690032
|o 415 THO 1996
|p 3690032
|r 2025-01-22
|w 2019-11-20
|y BK
|k MLA
|